[Event "MCRDMZ 2018"]
[Site "Varnsdorf"]
[Date "2018.06.17"]
[Round "2.10"]
[White "Spacilova Klara (Stare Mesto)"]
[Black "Licka Denis (BSS F-M A)"]
[Result "0-1"]
[BlackElo "1537"]
[WhiteElo "1171"]
[LiveChessVersion "1.4.8"]

1. e4 {[%clk 0:25:17]} c5 {[%clk 0:25:18]} 2. Nf3 {[%clk 0:25:25]} d6
{[%clk 0:25:27]} 3. d4 {[%clk 0:25:34]} cxd4 {[%clk 0:25:34]} 4. Nxd4
{[%clk 0:25:41]} Nf6 {[%clk 0:25:43]} 5. Nc3 {[%clk 0:25:21]} a6 {[%clk 0:25:51]}
6. Be3 {[%clk 0:25:26]} e5 {[%clk 0:25:59]} 7. Nf3 {[%clk 0:25:29]} Nbd7
{[%clk 0:26:04]} 8. Bd3 {[%clk 0:25:34]} b5 {[%clk 0:26:10]} 9. Bg5
{[%clk 0:25:25]} Be7 {[%clk 0:26:10]} 10. Bxf6 {[%clk 0:25:29]} Nxf6
{[%clk 0:26:17]} 11. O-O {[%clk 0:24:53]} O-O {[%clk 0:26:21]} 12. b4
{[%clk 0:24:47]} Qc7 {[%clk 0:26:21]} 13. Nd5 {[%clk 0:24:37]} Nxd5
{[%clk 0:26:25]} 14. exd5 {[%clk 0:24:43]} Bb7 {[%clk 0:26:31]} 15. Be4
{[%clk 0:24:48]} f5 {[%clk 0:26:37]} 16. Bd3 {[%clk 0:24:06]} e4 {[%clk 0:26:33]}
17. Be2 {[%clk 0:24:13]} exf3 {[%clk 0:26:38]} 18. Bxf3 {[%clk 0:24:21]} Bf6
{[%clk 0:26:14]} 19. Rc1 {[%clk 0:24:11]} Bg5 {[%clk 0:26:02]} 20. Rb1
{[%clk 0:23:54]} Rac8 {[%clk 0:25:53]} 21. Qe2 {[%clk 0:18:41]} Rfe8
{[%clk 0:25:40]} 22. Qd3 {[%clk 0:17:11]} Qxc2 {[%clk 0:25:35]} 23. Qxc2
{[%clk 0:17:15]} Rxc2 {[%clk 0:25:38]} 24. Bd1 {[%clk 0:15:58]} Rxa2
{[%clk 0:25:20]} 25. Bb3 {[%clk 0:15:54]} Rd2 {[%clk 0:25:21]} 26. Rfd1
{[%clk 0:15:20]} Ree2 {[%clk 0:25:17]} 27. Rxd2 {[%clk 0:14:30]} Rxd2
{[%clk 0:25:23]} 28. Kf1 {[%clk 0:12:30]} Bxd5 {[%clk 0:25:22]} 29. Bd1
{[%clk 0:12:05]} Ba2 {[%clk 0:25:16]} 30. Rc1 {[%clk 0:11:29]} Rxf2+
{[%clk 0:25:09]} 31. Kxf2 {[%clk 0:11:35]} Bxc1 {[%clk 0:25:16]} 32. Bc2
{[%clk 0:11:42]} g6 {[%clk 0:25:12]} 33. Ke2 {[%clk 0:11:27]} Ba3
{[%clk 0:25:14]} 34. Kd3 {[%clk 0:11:22]} Bxb4 {[%clk 0:25:16]} 35. h3
{[%clk 0:11:25]} Bc4+ {[%clk 0:25:23]} 36. Ke3 {[%clk 0:11:26]} Bc3
{[%clk 0:25:30]} 37. g3 {[%clk 0:11:24]} b4 {[%clk 0:25:33]} 38. Bd3
{[%clk 0:11:22]} Bxd3 {[%clk 0:25:28]} 39. Kxd3 {[%clk 0:11:27]} a5
{[%clk 0:25:34]} 40. Kc2 {[%clk 0:11:35]} a4 {[%clk 0:25:41]} 41. h4
{[%clk 0:11:25]} a3 {[%clk 0:25:42]} 42. h5 {[%clk 0:11:27]} a2 {[%clk 0:25:46]}
43. Kb3 {[%clk 0:11:29]} a1=Q {[%clk 0:25:50]} 44. hxg6 {[%clk 0:11:32]} Qa3+
{[%clk 0:25:31]} 45. Kc4 {[%clk 0:11:38]} d5+ {[%clk 0:25:09]} 46. Kxd5
{[%clk 0:11:44]} hxg6 {[%clk 0:25:12]} 47. g4 {[%clk 0:11:51]} b3
{[%clk 0:25:14]} 48. gxf5 {[%clk 0:11:59]} b2 {[%clk 0:25:13]} 49. fxg6
{[%clk 0:12:06]} b1=Q {[%clk 0:25:19]} 50. g7 {[%clk 0:12:13]} Qd3+
{[%clk 0:25:25]} 51. Ke6 {[%clk 0:12:16]} Qad6# 0-1

[Event "MCRDMZ 2018"]
[Site "Varnsdorf"]
[Date "2018.06.17"]
[Round "2.11"]
[White "Farkova Katerina (BSS F-M A)"]
[Black "Babula Matej (Stare Mesto)"]
[Result "1-0"]
[BlackElo "1343"]
[WhiteElo "1554"]
[LiveChessVersion "1.4.8"]

1. e4 {[%clk 0:25:17]} e5 {[%clk 0:25:15]} 2. Nf3 {[%clk 0:25:25]} Nc6
{[%clk 0:25:20]} 3. Nc3 {[%clk 0:25:33]} Nf6 {[%clk 0:25:25]} 4. Bc4
{[%clk 0:25:41]} Bb4 {[%clk 0:25:19]} 5. d3 {[%clk 0:25:50]} O-O {[%clk 0:25:12]}
6. Bg5 {[%clk 0:25:57]} d6 {[%clk 0:24:49]} 7. O-O {[%clk 0:26:04]} Bg4
{[%clk 0:24:43]} 8. h3 {[%clk 0:26:12]} Bh5 {[%clk 0:24:46]} 9. Nd5
{[%clk 0:26:20]} h6 {[%clk 0:23:54]} 10. Nxf6+ {[%clk 0:26:27]} gxf6
{[%clk 0:23:40]} 11. Bxh6 {[%clk 0:26:35]} Re8 {[%clk 0:23:30]} 12. c3
{[%clk 0:26:44]} Ba5 {[%clk 0:23:30]} 13. Kh1 {[%clk 0:26:25]} Qd7
{[%clk 0:23:03]} 14. g4 {[%clk 0:26:14]} Bg6 {[%clk 0:22:47]} 15. Nh4
{[%clk 0:26:16]} Ne7 {[%clk 0:22:30]} 16. Nf5 {[%clk 0:25:37]} c6
{[%clk 0:21:09]} 17. Rg1 {[%clk 0:25:31]} d5 {[%clk 0:19:24]} 18. exd5
{[%clk 0:25:28]} Nxd5 {[%clk 0:17:32]} 19. Rg3 {[%clk 0:22:53]} Nf4
{[%clk 0:16:42]} 20. Ng7 {[%clk 0:21:50]} Red8 {[%clk 0:16:06]} 21. Nh5
{[%clk 0:20:54]} Qd6 {[%clk 0:13:53]} 22. d4 {[%clk 0:17:01]} Kh7
{[%clk 0:12:18]} 23. Bxf4 {[%clk 0:15:47]} exf4 {[%clk 0:12:16]} 24. Rg2
{[%clk 0:14:52]} Bxh5 {[%clk 0:10:47]} 25. gxh5 {[%clk 0:14:57]} Qe7
{[%clk 0:09:47]} 26. Qd3+ {[%clk 0:14:08]} Kh8 {[%clk 0:09:09]} 27. h6
{[%clk 0:12:57]} Rg8 {[%clk 0:08:43]} 28. Rag1 {[%clk 0:12:02]} Rxg2
{[%clk 0:08:07]} 29. Rxg2 {[%clk 0:12:09]} Qe1+ {[%clk 0:07:35]} 30. Rg1
{[%clk 0:10:31]} Rf8 {[%clk 0:05:54]} 31. Rxe1 {[%clk 0:10:35]} 1-0

[Event "MCRDMZ 2018"]
[Site "Varnsdorf"]
[Date "2018.06.17"]
[Round "2.12"]
[White "Delgerdalai Bayar Javkhla (Stare Mesto)"]
[Black "Buchtova Viktorie (BSS F-M A)"]
[Result "1/2-1/2"]
[BlackElo "1118"]
[WhiteElo "1000"]
[LiveChessVersion "1.4.8"]

1. e4 {[%clk 0:25:18]} e5 {[%clk 0:25:19]} 2. Nf3 {[%clk 0:25:25]} Nc6
{[%clk 0:25:27]} 3. Nc3 {[%clk 0:25:30]} Nf6 {[%clk 0:25:35]} 4. Bc4
{[%clk 0:25:36]} Bb4 {[%clk 0:25:40]} 5. O-O {[%clk 0:25:42]} d6 {[%clk 0:25:48]}
6. h3 {[%clk 0:25:48]} O-O {[%clk 0:25:54]} 7. d3 {[%clk 0:25:46]} Bxc3
{[%clk 0:25:54]} 8. bxc3 {[%clk 0:25:51]} d5 {[%clk 0:26:03]} 9. exd5
{[%clk 0:25:48]} Nxd5 {[%clk 0:26:10]} 10. d4 {[%clk 0:25:34]} Nxc3
{[%clk 0:26:12]} 11. Qd3 {[%clk 0:25:15]} exd4 {[%clk 0:26:00]} 12. Bg5
{[%clk 0:24:26]} Qd6 {[%clk 0:25:22]} 13. Rfe1 {[%clk 0:24:14]} Qc5
{[%clk 0:23:01]} 14. Bf4 {[%clk 0:22:25]} Bf5 {[%clk 0:22:46]} 15. Qd2
{[%clk 0:21:01]} Qxc4 {[%clk 0:22:33]} 16. Ne5 {[%clk 0:19:46]} Nxe5
{[%clk 0:21:38]} 17. Bxe5 {[%clk 0:19:52]} Ne4 {[%clk 0:21:31]} 18. Qf4
{[%clk 0:19:21]} Bg6 {[%clk 0:21:02]} 19. Rxe4 {[%clk 0:18:43]} Bxe4
{[%clk 0:21:06]} 20. Qxe4 {[%clk 0:18:51]} Rfe8 {[%clk 0:20:51]} 21. Qxb7
{[%clk 0:18:13]} Qc3 {[%clk 0:18:58]} 22. Rb1 {[%clk 0:17:16]} f6
{[%clk 0:17:21]} 23. Bxc7 {[%clk 0:16:43]} Re1+ {[%clk 0:17:07]} 24. Rxe1
{[%clk 0:16:36]} Qxe1+ {[%clk 0:17:13]} 25. Kh2 {[%clk 0:16:39]} Re8
{[%clk 0:16:43]} 26. Qd5+ {[%clk 0:15:52]} Qe6 {[%clk 0:16:41]} 27. Qxd4
{[%clk 0:15:44]} Qc8 {[%clk 0:15:35]} 28. Qxa7 {[%clk 0:14:59]} Qa8
{[%clk 0:14:53]} 29. Qxa8 {[%clk 0:14:42]} Rxa8 {[%clk 0:15:00]} 30. c4
{[%clk 0:14:16]} Rxa2 {[%clk 0:15:05]} 31. c5 {[%clk 0:14:04]} Rxf2
{[%clk 0:15:08]} 32. Bb6 {[%clk 0:13:57]} Rc2 {[%clk 0:14:56]} 33. Kg3
{[%clk 0:13:39]} Kf7 {[%clk 0:14:48]} 34. Kf3 {[%clk 0:13:35]} Ke6
{[%clk 0:14:47]} 35. Ke4 {[%clk 0:12:44]} Rxg2 {[%clk 0:14:46]} 36. c6
{[%clk 0:12:34]} Rc2 {[%clk 0:14:42]} 37. c7 {[%clk 0:12:41]} Kd7
{[%clk 0:14:38]} 38. Kf5 {[%clk 0:11:50]} Rc6 {[%clk 0:14:29]} 39. Bd4
{[%clk 0:10:23]} Kxc7 {[%clk 0:14:12]} 40. h4 {[%clk 0:10:12]} g6+
{[%clk 0:14:11]} 41. Ke4 {[%clk 0:09:56]} g5 {[%clk 0:13:55]} 42. hxg5
{[%clk 0:09:45]} fxg5 {[%clk 0:14:02]} 43. Kf5 {[%clk 0:09:36]} Rg6
{[%clk 0:13:30]} 44. Be3 {[%clk 0:09:22]} g4 {[%clk 0:13:30]} 45. Bf4+
{[%clk 0:08:54]} Kc6 {[%clk 0:13:31]} 46. Bg3 {[%clk 0:08:51]} Rg8
{[%clk 0:13:27]} 47. Kf4 {[%clk 0:08:30]} h5 {[%clk 0:13:19]} 48. Ke3
{[%clk 0:08:35]} Rf8 {[%clk 0:13:24]} 49. Ke2 {[%clk 0:08:23]} Rf3
{[%clk 0:12:42]} 50. Bh4 {[%clk 0:08:06]} Rh3 {[%clk 0:12:32]} 51. Bf2
{[%clk 0:07:58]} g3 {[%clk 0:12:36]} 52. Bd4 {[%clk 0:07:31]} Rh2+
{[%clk 0:12:34]} 53. Kf3 {[%clk 0:07:30]} g2 {[%clk 0:12:34]} 54. Bg1
{[%clk 0:07:09]} Rh4 {[%clk 0:11:43]} 55. Kxg2 {[%clk 0:07:10]} Rg4+
{[%clk 0:11:40]} 56. Kh2 {[%clk 0:07:15]} h4 {[%clk 0:11:49]} 57. Bf2
{[%clk 0:07:02]} Kd5 {[%clk 0:11:43]} 58. Kh3 {[%clk 0:07:08]} Rg8
{[%clk 0:10:50]} 59. Kxh4 {[%clk 0:06:56]} Ke4 {[%clk 0:10:51]} 60. Bg3
{[%clk 0:06:51]} Kf3 {[%clk 0:10:52]} 61. Be5 {[%clk 0:06:48]} Ke4
{[%clk 0:10:13]} 62. Bg3 {[%clk 0:06:42]} Kf5 {[%clk 0:10:19]} 63. Bd6
{[%clk 0:06:40]} Rh8+ {[%clk 0:09:44]} 64. Kg3 {[%clk 0:06:46]} Rg8+
{[%clk 0:08:57]} 65. Kf3 {[%clk 0:06:31]} Ra8 {[%clk 0:08:59]} 66. Ke3
{[%clk 0:06:32]} Re8+ {[%clk 0:08:53]} 67. Kd4 {[%clk 0:06:20]} Rd8
{[%clk 0:07:46]} 68. Kd5 {[%clk 0:06:28]} Kf6 {[%clk 0:07:34]} 69. Kc6
{[%clk 0:06:23]} Ke6 {[%clk 0:07:19]} 70. Bc7 {[%clk 0:05:57]} Rd1
{[%clk 0:07:17]} 71. Bf4 {[%clk 0:05:40]} Rd4 {[%clk 0:07:13]} 72. Be3
{[%clk 0:05:33]} Rd6+ {[%clk 0:07:03]} 73. Kc5 {[%clk 0:05:26]} Ke5
{[%clk 0:06:58]} 74. Bf2 {[%clk 0:04:52]} Rd3 {[%clk 0:06:52]} 75. Kc4
{[%clk 0:04:41]} Rd8 {[%clk 0:06:40]} 1/2-1/2

[Event "MCRDMZ 2018"]
[Site "Varnsdorf"]
[Date "2018.06.17"]
[Round "2.13"]
[White "Kanak Matyas (BSS F-M B)"]
[Black "Finek Vaclav (Liberec)"]
[Result "0-1"]
[BlackElo "2186"]
[WhiteElo "1569"]
[LiveChessVersion "1.4.8"]

1. e4 {[%clk 0:25:18]} c5 {[%clk 0:25:19]} 2. Nf3 {[%clk 0:25:27]} d6
{[%clk 0:25:28]} 3. d4 {[%clk 0:25:35]} cxd4 {[%clk 0:25:37]} 4. Nxd4
{[%clk 0:25:44]} Nf6 {[%clk 0:25:45]} 5. Nc3 {[%clk 0:25:52]} a6 {[%clk 0:25:54]}
6. Be2 {[%clk 0:26:00]} e6 {[%clk 0:25:58]} 7. Be3 {[%clk 0:25:52]} Be7
{[%clk 0:25:14]} 8. O-O {[%clk 0:25:53]} O-O {[%clk 0:25:07]} 9. f4
{[%clk 0:25:59]} b5 {[%clk 0:24:05]} 10. a3 {[%clk 0:26:03]} Bb7 {[%clk 0:23:54]}
11. Bf3 {[%clk 0:25:57]} Qc7 {[%clk 0:22:41]} 12. Qe1 {[%clk 0:25:51]} Nbd7
{[%clk 0:21:32]} 13. Qg3 {[%clk 0:25:54]} Kh8 {[%clk 0:21:24]} 14. f5
{[%clk 0:25:37]} e5 {[%clk 0:21:14]} 15. Nb3 {[%clk 0:25:45]} Nb6
{[%clk 0:20:24]} 16. Na5 {[%clk 0:24:31]} Nc4 {[%clk 0:19:46]} 17. Nxc4
{[%clk 0:24:38]} Qxc4 {[%clk 0:19:25]} 18. Be2 {[%clk 0:23:42]} Qc7
{[%clk 0:18:22]} 19. Bf3 {[%clk 0:23:34]} Rac8 {[%clk 0:17:19]} 20. Rad1
{[%clk 0:22:21]} Rfd8 {[%clk 0:15:16]} 21. Qf2 {[%clk 0:22:16]} Qb8
{[%clk 0:14:56]} 22. Ba7 {[%clk 0:20:24]} Qa8 {[%clk 0:14:56]} 23. Bb6
{[%clk 0:20:32]} Rd7 {[%clk 0:12:34]} 24. Rfe1 {[%clk 0:20:39]} Rc4
{[%clk 0:11:54]} 25. Qe2 {[%clk 0:20:00]} Bd8 {[%clk 0:11:28]} 26. Bxd8
{[%clk 0:19:55]} Rxd8 {[%clk 0:11:21]} 27. Na2 {[%clk 0:12:31]} Bxe4
{[%clk 0:08:57]} 28. Bxe4 {[%clk 0:11:02]} Rxe4 {[%clk 0:08:56]} 29. Qd3
{[%clk 0:11:09]} Qa7+ {[%clk 0:08:36]} 30. Kh1 {[%clk 0:11:04]} Rd4
{[%clk 0:08:36]} 31. Qe2 {[%clk 0:08:58]} Rf4 {[%clk 0:06:38]} 32. Rf1
{[%clk 0:08:39]} Rxf1+ {[%clk 0:06:24]} 33. Qxf1 {[%clk 0:08:45]} Qe3
{[%clk 0:06:18]} 34. Nb4 {[%clk 0:08:21]} d5 {[%clk 0:04:05]} 35. h3
{[%clk 0:05:14]} Ne4 {[%clk 0:02:36]} 36. Kh2 {[%clk 0:02:32]} Qg3+
{[%clk 0:01:40]} 37. Kg1 {[%clk 0:02:39]} d4 {[%clk 0:01:34]} 38. Rd3
{[%clk 0:02:36]} Qg5 {[%clk 0:01:26]} 39. Nxa6 {[%clk 0:01:41]} Nd2
{[%clk 0:00:59]} 40. Qe1 {[%clk 0:00:33]} Nc4 {[%clk 0:01:00]} 41. Rg3
{[%clk 0:00:29]} Qxf5 {[%clk 0:00:55]} 42. Nb4 {[%clk 0:00:26]} Ne3
{[%clk 0:00:56]} 43. Rf3 {[%clk 0:00:25]} Qe6 {[%clk 0:00:54]} 44. Nd3
{[%clk 0:00:15]} e4 {[%clk 0:00:55]} 45. Nf4 {[%clk 0:00:24]} Qc6
{[%clk 0:01:00]} 46. Rf2 {[%clk 0:00:23]} Nc4 {[%clk 0:00:40]} 47. Qc1
{[%clk 0:00:20]} e3 {[%clk 0:00:48]} 48. Re2 {[%clk 0:00:27]} Qe4
{[%clk 0:00:53]} 49. Nd3 {[%clk 0:00:34]} f5 {[%clk 0:00:55]} 50. b3
{[%clk 0:00:29]} Nd6 {[%clk 0:00:57]} 51. Qe1 {[%clk 0:00:29]} Nf7
{[%clk 0:01:00]} 52. Nc5 {[%clk 0:00:26]} Qd5 {[%clk 0:01:05]} 53. Nd3
{[%clk 0:00:33]} Rc8 {[%clk 0:01:02]} 54. Qd1 {[%clk 0:00:18]} Nd6
{[%clk 0:01:01]} 55. Qe1 {[%clk 0:00:11]} Ne4 {[%clk 0:01:01]} 56. b4
{[%clk 0:00:11]} Nc3 {[%clk 0:01:00]} 57. Nf4 {[%clk 0:00:18]} Qe4
{[%clk 0:01:05]} 58. Qc1 {[%clk 0:00:00]} 0-1

[Event "MCRDMZ 2018"]
[Site "Varnsdorf"]
[Date "2018.06.17"]
[Round "2.14"]
[White "Papousek Michal (Liberec)"]
[Black "Gebauer Adam (BSS F-M B)"]
[Result "0-1"]
[BlackElo "1363"]
[WhiteElo "1526"]
[LiveChessVersion "1.4.8"]

1. e4 {[%clk 0:25:17]} e6 {[%clk 0:25:19]} 2. d4 {[%clk 0:25:22]} d5
{[%clk 0:25:27]} 3. e5 {[%clk 0:25:29]} c5 {[%clk 0:25:35]} 4. c3
{[%clk 0:25:34]} Nc6 {[%clk 0:25:42]} 5. Nf3 {[%clk 0:25:42]} Qb6
{[%clk 0:25:48]} 6. Bd3 {[%clk 0:25:28]} Bd7 {[%clk 0:25:56]} 7. Be2
{[%clk 0:23:54]} cxd4 {[%clk 0:25:36]} 8. cxd4 {[%clk 0:23:41]} Nge7
{[%clk 0:25:33]} 9. Na3 {[%clk 0:20:47]} Nf5 {[%clk 0:24:43]} 10. Nc2
{[%clk 0:20:23]} Bb4+ {[%clk 0:23:36]} 11. Nxb4 {[%clk 0:18:34]} Nxb4
{[%clk 0:22:11]} 12. Be3 {[%clk 0:14:37]} Rc8 {[%clk 0:21:35]} 13. Bd3
{[%clk 0:11:53]} Nxe3 {[%clk 0:19:24]} 14. fxe3 {[%clk 0:11:57]} Nxd3+
{[%clk 0:19:24]} 15. Qxd3 {[%clk 0:12:04]} Qxb2 {[%clk 0:19:26]} 16. O-O
{[%clk 0:11:51]} Bb5 {[%clk 0:19:11]} 17. Qb1 {[%clk 0:10:41]} Qxb1
{[%clk 0:18:39]} 18. Rfxb1 {[%clk 0:10:50]} a6 {[%clk 0:18:29]} 19. Rc1
{[%clk 0:10:40]} O-O {[%clk 0:18:33]} 20. Nd2 {[%clk 0:09:41]} b6
{[%clk 0:16:44]} 21. e4 {[%clk 0:07:32]} Bc6 {[%clk 0:15:51]} 22. exd5
{[%clk 0:06:37]} Bxd5 {[%clk 0:15:59]} 23. Nb3 {[%clk 0:06:01]} f6
{[%clk 0:15:32]} 24. exf6 {[%clk 0:05:46]} gxf6 {[%clk 0:15:32]} 25. Rab1
{[%clk 0:05:02]} Kf7 {[%clk 0:14:04]} 26. a3 {[%clk 0:04:46]} Rxc1+
{[%clk 0:12:43]} 27. Nxc1 {[%clk 0:04:51]} Rc8 {[%clk 0:12:20]} 28. Ne2
{[%clk 0:04:18]} b5 {[%clk 0:11:54]} 29. Rb2 {[%clk 0:03:45]} Bc4
{[%clk 0:10:39]} 30. Nf4 {[%clk 0:02:55]} Rd8 {[%clk 0:10:38]} 31. Rd2
{[%clk 0:02:20]} e5 {[%clk 0:10:38]} 32. Nh3 {[%clk 0:02:00]} Rxd4
{[%clk 0:10:31]} 33. Rxd4 {[%clk 0:02:09]} exd4 {[%clk 0:10:40]} 34. Kf2
{[%clk 0:02:18]} Ke6 {[%clk 0:10:37]} 35. Nf4+ {[%clk 0:02:08]} Ke5
{[%clk 0:10:24]} 36. g3 {[%clk 0:02:15]} a5 {[%clk 0:10:22]} 37. Ke1
{[%clk 0:02:23]} b4 {[%clk 0:10:22]} 38. axb4 {[%clk 0:02:31]} axb4
{[%clk 0:10:30]} 39. Kd2 {[%clk 0:02:39]} b3 {[%clk 0:08:47]} 40. Ng2
{[%clk 0:02:10]} Bd5 {[%clk 0:08:10]} 41. Ne1 {[%clk 0:02:18]} Be4
{[%clk 0:08:08]} 42. Nd3+ {[%clk 0:01:35]} Bxd3 {[%clk 0:08:08]} 43. Kxd3
{[%clk 0:01:44]} Kf5 {[%clk 0:08:02]} 44. h3 {[%clk 0:01:50]} h5 {[%clk 0:08:03]}
45. Kd2 {[%clk 0:01:50]} Ke4 {[%clk 0:08:09]} 0-1

[Event "MCRDMZ 2018"]
[Site "Varnsdorf"]
[Date "2018.06.17"]
[Round "2.15"]
[White "Czepiec Richard (BSS F-M B)"]
[Black "Fotr Michal (Liberec)"]
[Result "0-1"]
[BlackElo "1476"]
[WhiteElo "1430"]
[LiveChessVersion "1.4.8"]

1. e4 {[%clk 0:25:18]} e5 {[%clk 0:25:17]} 2. Nc3 {[%clk 0:25:26]} Nf6
{[%clk 0:25:20]} 3. f4 {[%clk 0:25:34]} d6 {[%clk 0:23:47]} 4. Nf3
{[%clk 0:25:41]} exf4 {[%clk 0:23:18]} 5. d4 {[%clk 0:25:49]} Be7
{[%clk 0:22:29]} 6. Bxf4 {[%clk 0:25:55]} O-O {[%clk 0:21:54]} 7. Bd3
{[%clk 0:25:55]} Bg4 {[%clk 0:21:11]} 8. O-O {[%clk 0:25:34]} Nc6
{[%clk 0:20:40]} 9. Be3 {[%clk 0:25:28]} Re8 {[%clk 0:20:10]} 10. Qe1
{[%clk 0:25:15]} Bf8 {[%clk 0:19:02]} 11. Qg3 {[%clk 0:24:58]} Qd7
{[%clk 0:17:59]} 12. Nd2 {[%clk 0:21:21]} Rad8 {[%clk 0:15:50]} 13. h3
{[%clk 0:21:16]} Bh5 {[%clk 0:12:01]} 14. Rxf6 {[%clk 0:20:38]} Bg6
{[%clk 0:11:33]} 15. Rff1 {[%clk 0:20:23]} a6 {[%clk 0:10:54]} 16. Nd5
{[%clk 0:18:29]} Ne7 {[%clk 0:09:46]} 17. Bg5 {[%clk 0:17:55]} h6
{[%clk 0:08:56]} 18. Bxh6 {[%clk 0:17:47]} Nxd5 {[%clk 0:08:05]} 19. exd5
{[%clk 0:16:46]} gxh6 {[%clk 0:08:04]} 20. Bxg6 {[%clk 0:16:47]} fxg6
{[%clk 0:07:58]} 21. Qxg6+ {[%clk 0:16:23]} Qg7 {[%clk 0:07:27]} 22. Qd3
{[%clk 0:13:14]} Qg5 {[%clk 0:06:04]} 23. Rf3 {[%clk 0:11:39]} Qxd5
{[%clk 0:04:33]} 24. c4 {[%clk 0:09:38]} Qe6 {[%clk 0:03:36]} 25. Rg3+
{[%clk 0:09:03]} Bg7 {[%clk 0:03:22]} 26. Rf1 {[%clk 0:05:41]} Rf8
{[%clk 0:02:48]} 27. Rxf8+ {[%clk 0:02:59]} Rxf8 {[%clk 0:02:56]} 28. Re3
{[%clk 0:02:56]} Qf6 {[%clk 0:02:23]} 29. Nf3 {[%clk 0:02:35]} Qf7
{[%clk 0:01:33]} 30. Qe2 {[%clk 0:02:08]} Qf6 {[%clk 0:01:13]} 31. Re6
{[%clk 0:01:46]} Qf5 {[%clk 0:00:55]} 32. Re4 {[%clk 0:01:32]} Qf6
{[%clk 0:00:59]} 33. Kh1 {[%clk 0:01:15]} Qf5 {[%clk 0:00:49]} 34. Re7
{[%clk 0:00:27]} Rf7 {[%clk 0:00:46]} 35. Re8+ {[%clk 0:00:36]} Rf8
{[%clk 0:00:30]} 36. Rxf8+ {[%clk 0:00:16]} Qxf8 {[%clk 0:00:35]} 37. d5
{[%clk 0:00:24]} Qf7 {[%clk 0:00:35]} 38. Qe6 {[%clk 0:00:31]} Qxe6
{[%clk 0:00:23]} 39. dxe6 {[%clk 0:00:39]} Kf8 {[%clk 0:00:32]} 40. Nh4
{[%clk 0:00:25]} Bxb2 {[%clk 0:00:33]} 41. Ng6+ {[%clk 0:00:24]} Ke8
{[%clk 0:00:26]} 42. e7 {[%clk 0:00:25]} Bf6 {[%clk 0:00:33]} 43. Kg1
{[%clk 0:00:31]} Bxe7 {[%clk 0:00:42]} 44. Nxe7 {[%clk 0:00:38]} Kxe7
{[%clk 0:00:50]} 45. Kf2 {[%clk 0:00:45]} Kf6 {[%clk 0:01:00]} 46. Ke3
{[%clk 0:00:50]} Ke5 {[%clk 0:01:08]} 47. g4 {[%clk 0:00:47]} b5 {[%clk 0:01:12]}
48. cxb5 {[%clk 0:00:46]} axb5 {[%clk 0:01:21]} 49. Kd3 {[%clk 0:00:36]} c5
{[%clk 0:01:29]} 50. Ke3 {[%clk 0:00:39]} d5 {[%clk 0:01:38]} 51. h4
{[%clk 0:00:44]} d4+ {[%clk 0:01:48]} 52. Kf3 {[%clk 0:00:49]} d3
{[%clk 0:01:54]} 53. Ke3 {[%clk 0:00:58]} c4 {[%clk 0:02:03]} 54. g5
{[%clk 0:01:04]} hxg5 {[%clk 0:02:12]} 55. hxg5 {[%clk 0:00:16]} Kf5
{[%clk 0:02:20]} 56. a3 {[%clk 0:00:21]} Kxg5 {[%clk 0:02:28]} 57. Kd2
{[%clk 0:00:20]} Kf4 {[%clk 0:02:37]} 58. Kd1 {[%clk 0:00:23]} Ke3
{[%clk 0:02:46]} 0-1

[Event "MCRDMZ 2018"]
[Site "Varnsdorf"]
[Date "2018.06.17"]
[Round "2.16"]
[White "Hauser Matthias (Liberec)"]
[Black "Buchta Bartolomej (BSS F-M B)"]
[Result "1-0"]
[BlackElo "1444"]
[WhiteElo "1474"]
[LiveChessVersion "1.4.8"]

1. e4 {[%clk 0:25:15]} c5 {[%clk 0:25:18]} 2. c3 {[%clk 0:25:22]} d5
{[%clk 0:25:25]} 3. exd5 {[%clk 0:25:30]} Qxd5 {[%clk 0:25:33]} 4. d4
{[%clk 0:25:38]} Nf6 {[%clk 0:25:30]} 5. Nf3 {[%clk 0:25:40]} e6 {[%clk 0:25:37]}
6. Be3 {[%clk 0:24:31]} cxd4 {[%clk 0:25:37]} 7. cxd4 {[%clk 0:24:32]} Bb4+
{[%clk 0:25:39]} 8. Nbd2 {[%clk 0:24:23]} Nc6 {[%clk 0:24:50]} 9. a3
{[%clk 0:22:23]} Bxd2+ {[%clk 0:23:27]} 10. Qxd2 {[%clk 0:22:14]} O-O
{[%clk 0:22:02]} 11. Bd3 {[%clk 0:21:30]} Rd8 {[%clk 0:21:43]} 12. O-O
{[%clk 0:20:03]} e5 {[%clk 0:19:58]} 13. dxe5 {[%clk 0:17:17]} Nxe5
{[%clk 0:20:05]} 14. Nxe5 {[%clk 0:17:22]} Qxe5 {[%clk 0:20:12]} 15. Bxh7+
{[%clk 0:16:57]} Kxh7 {[%clk 0:19:31]} 16. Qxd8 {[%clk 0:16:57]} b6
{[%clk 0:16:21]} 17. Bd4 {[%clk 0:14:37]} Qg5 {[%clk 0:15:58]} 18. Bxf6
{[%clk 0:14:23]} gxf6 {[%clk 0:16:00]} 19. Rac1 {[%clk 0:13:08]} Bb7
{[%clk 0:14:32]} 20. Qd3+ {[%clk 0:13:04]} Kg7 {[%clk 0:13:09]} 21. Qg3
{[%clk 0:13:04]} Qxg3 {[%clk 0:12:48]} 22. hxg3 {[%clk 0:12:47]} Ba6
{[%clk 0:12:05]} 23. Rfe1 {[%clk 0:12:34]} Bd3 {[%clk 0:11:11]} 24. Re3
{[%clk 0:12:18]} Bg6 {[%clk 0:10:34]} 25. Kf1 {[%clk 0:10:24]} Rh8
{[%clk 0:10:21]} 26. Ke2 {[%clk 0:10:16]} Bh5+ {[%clk 0:09:58]} 27. f3
{[%clk 0:10:19]} Bg6 {[%clk 0:09:48]} 28. Kf2 {[%clk 0:10:23]} Rd8
{[%clk 0:09:44]} 29. Rce1 {[%clk 0:09:41]} Rd2+ {[%clk 0:09:12]} 30. R1e2
{[%clk 0:09:47]} Rd1 {[%clk 0:09:03]} 31. Re1 {[%clk 0:08:54]} Rd2+
{[%clk 0:09:06]} 32. R3e2 {[%clk 0:08:54]} Rd5 {[%clk 0:08:48]} 33. f4
{[%clk 0:07:58]} Bh5 {[%clk 0:08:37]} 34. Rc2 {[%clk 0:07:38]} a5
{[%clk 0:06:44]} 35. Ke3 {[%clk 0:04:45]} Bg6 {[%clk 0:05:35]} 36. Rc6
{[%clk 0:01:55]} Rd3+ {[%clk 0:05:31]} 37. Kf2 {[%clk 0:01:54]} Rd2+
{[%clk 0:05:10]} 38. Re2 {[%clk 0:02:03]} Rd1 {[%clk 0:04:49]} 39. Rxb6
{[%clk 0:01:51]} Bh5 {[%clk 0:04:42]} 40. Re1 {[%clk 0:01:54]} Rd2+
{[%clk 0:04:38]} 41. Kg1 {[%clk 0:02:03]} Rd3 {[%clk 0:04:26]} 42. Rb5
{[%clk 0:01:52]} Bg4 {[%clk 0:04:17]} 43. Rxa5 {[%clk 0:01:29]} Rxg3
{[%clk 0:04:25]} 44. Rc1 {[%clk 0:01:30]} Rb3 {[%clk 0:04:12]} 45. Rc2
{[%clk 0:01:28]} Rd3 {[%clk 0:03:42]} 46. Kf2 {[%clk 0:01:15]} Kg6
{[%clk 0:02:49]} 47. b4 {[%clk 0:01:01]} Rd4 {[%clk 0:02:37]} 48. Ke3
{[%clk 0:00:45]} Rd1 {[%clk 0:02:27]} 49. Kf2 {[%clk 0:00:31]} Rd4
{[%clk 0:02:30]} 50. Rcc5 {[%clk 0:00:35]} Rxf4+ {[%clk 0:01:50]} 51. Kg3
{[%clk 0:00:42]} Rd4 {[%clk 0:01:55]} 52. b5 {[%clk 0:00:39]} Be6
{[%clk 0:01:44]} 53. b6 {[%clk 0:00:38]} Rd3+ {[%clk 0:01:49]} 54. Kh2
{[%clk 0:00:41]} Rd4 {[%clk 0:01:25]} 55. b7 {[%clk 0:00:38]} Rh4+
{[%clk 0:01:33]} 56. Kg1 {[%clk 0:00:48]} Rh8 {[%clk 0:01:19]} 57. Ra8
{[%clk 0:00:46]} Rxa8 {[%clk 0:00:51]} 58. bxa8=Q {[%clk 0:00:53]} f5
{[%clk 0:00:53]} 59. Qg8+ {[%clk 0:00:56]} Kf6 {[%clk 0:00:54]} 60. Qh8+
{[%clk 0:00:45]} Ke5 61. Rd5+ Kxd5 {[%clk 0:00:50]} 1-0